Statistics for FIFA football Wold Cup - Players who scored in 3 different tournaments

Click here to take the quiz!

General Stats

  • This quiz has been taken 107 times
    (34 since last reset)
  • The average score is 20 of 37

Answer Stats

HintAnswer% Correct
Brazil1998, 2002, 2006Ronaldo
100%
Brazil1958, 1962, 1966, 1970Pele
97%
Argentina2006, 2014, 2018Lionel Messi
93%
Argentina1982,1986,1994Diego Maradona
90%
Uruguay2010, 2014, 2018Luis Suarez
83%
Germany2002, 2006, 2010, 2014Miroslav Klose
83%
Australia2006, 2010, 2014Tim Cahill
80%
Uruguay2010, 2014, 2018Edinson Cavani
80%
Netherlands2006, 2010, 2014Robin van Persie
80%
Spain2006, 2010, 2014David Villa
77%
Netherlands2006, 2010, 2014Arjen Robben
77%
Spain1998, 2002, 2006Raul
73%
Portugal2006, 2010, 2014, 2018Cristiano Ronaldo
73%
Argentina1994,1998, 2002Gabriel Batistuta
70%
France1978, 1982, 1986Michel Platini
67%
Mexico2010, 2014, 2018Javier Hernandez
67%
England1998, 2002, 2006David Beckham
60%
Italy1990, 1994, 1998Roberto Baggio
53%
Sweden1994, 1998, 2002Henrik Larsson
50%
USA2006, 2010, 2014Clint Dempsey
47%
Ghana2006, 2010, 2014Asamoah Gyan
47%
Germany1986, 1990, 1994Lothar Matthäus
47%
Germany1990, 1994, 1998Jürgen Klinsmann
47%
Japan2010, 2014, 2018Keisuke Honda
47%
South Korea2002, 2006, 2010Park Ji-sung
43%
Mexico2006, 2010, 2014Rafael Marquez
37%
Poland1974, 1978, 1982Grzegorz Lato
33%
Germany1986, 1990, 1994Rudi Völler
30%
Spain1994, 1998, 2002Fernando Hierro
27%
Germany1978, 1982, 1986Karl-Heinz Rummenigge
20%
Mexico1998, 2002, 2010Cuauhtemoc Blanco
20%
Poland1974, 1978, 1982Andrzej Szarmach
13%
Germany1958, 1962, 1966, 1970Uwe Seeler
13%
Spain1986, 1990, 1994Julio Salinas
13%
Saudi Arabia1994, 1998, 2006Sami Al-Jaber
10%
Scotland1974, 1978, 1982Joe Jordan
7%
France1978, 1982, 1986Dominique Rocheteau
3%

Score Distribution

Percentile by Number Answered

Percent of People with Each Score

Your Score History

You have not taken this quiz since the last reset